Catálogo
 En Linea

Cultura del renacimiento / (Registro nro. 25043)

Detalles MARC
000 -CABECERA
campo de control de longitud fija 00852nam a2200241 a 4500
001 - NÚMERO DE CONTROL
campo de control 000025551
005 - FECHA Y HORA DE LA ÚLTIMA TRANSACCIÓN
campo de control 20200930023854.0
008 - DATOS DE LONGITUD FIJA--INFORMACIÓN GENERAL
campo de control de longitud fija 110217s1928 sp c r 001 0 spa d
040 ## - FUENTE DE LA CATALOGACIÓN
Centro catalogador/agencia de origen DO-SdBNP
Lengua de catalogación spa
Centro/agencia transcriptor BNPHU
082 ## - NÚMERO DE LA CLASIFICACIÓN DECIMAL DEWEY
Número de clasificación xxxxx
Número de documento/Ítem A752c
049 ## - FONDOS LOCALES (OCLC)
Fondos de biblioteca BNGR
100 1# - ENTRADA PRINCIPAL--NOMBRE DE PERSONA
Nombre de persona Arnold, Robert F.
9 (RLIN) 52219
245 10 - MENCIÓN DE TÍTULO
Título Cultura del renacimiento /
Mención de responsabilidad, etc. Robert F. Arnold ; traducción Salvador Minguijón y Adrián.
250 ## - MENCIÓN DE EDICIÓN
Mención de edición 2a ed.
260 ## - PUBLICACIÓN, DISTRIBUCIÓN, ETC.
Lugar de publicación, distribución, etc. Barcelona, España :
Nombre del editor, distribuidor, etc. Labor,
Fecha de publicación, distribución, etc. 1928.
300 ## - DESCRIPCIÓN FÍSICA
Extensión 173 p. :
Otras características físicas retrs. ;
Dimensiones 19 cm.
490 1# - MENCIÓN DE SERIE
Mención de serie Labor, sección ciencias históricas ;
Designación de volumen o secuencia 21
500 ## - NOTA GENERAL
Nota general Incluye índice alfabético.
500 ## - NOTA GENERAL
Nota general Incluye referencia bibliográfica p. [164-168].
700 1# - PUNTO DE ACCESO ADICIONAL--NOMBRE DE PERSONA
Nombre de persona Minguijón, Salvador,
Término indicativo de función/relación tr.
-- pról.
9 (RLIN) 52220
700 1# - PUNTO DE ACCESO ADICIONAL--NOMBRE DE PERSONA
Nombre de persona Minguijón, Adrián,
Término indicativo de función/relación tr.
9 (RLIN) 52221
830 #0 - PUNTO DE ACCESO ADICIONAL DE SERIE-TÍTULO UNIFORME
Título uniforme Labor, sección ciencias históricas ;
Número de parte o sección de la obra 21
9 (RLIN) 52222
Existencias
Estado de retiro Estado de pérdida Restricciones de uso No para préstamo Código de colección Localización permanente Ubicación/localización actual Ubicación en estantería Fecha de adquisición Número de inventario Total de préstamos Signatura topográfica completa Código de barras Fecha visto por última vez Precio válido a partir de Tipo de ítem Koha
        Monografías: Libros y Folletos General General En catalogación 17.02.2011 LF1   xxxxx A752c 25551-10 25.06.2020 25.06.2020 Préstamo en sala

Con tecnología Koha